| Registos Bibliográficos associados ao registo de autoridade |
|
Etiqueta de registo: 00000nam 2200025 450 001 2286274 003 http://id.bnportugal.gov.pt/bib/catbnp/2286274 100 ## $a20260513d2024 k y0pory01030103ba 101 0# $aeng$dpor 102 ## $aPT 105 ## $aa m 000yy 106 ## $ar 200 1# $aLand-use impacts on water resources in semi-arid regions$e the case of Manyame catchment Zimbabwe$fVimbai Pachawo$gorient. José Manuel Pereira Vieira 210 #9 $a[S.l.$cs.n.],$d2024 215 ## $aXIV, 191 p.$cil.$d30 cm 328 #1 $aTese dout. Sustainable Built Environment, Escola de Engenharia, Universidade do Porto,
2024 675 ## $a556(689.1)(043)$vBN$zpor$32001969 700 #1 $aPachawo,$bVimbai$31998340 702 #1 $aVieira,$bJosé Manuel Pereira,$f1953-$4727$3357062 801 #0 $aPT$bBN$gRPC 966 ## $lBN$mFGMON$sS.A. 194161 V.$x1 971 ## $corlando$d20260513 973 ## $cigoulao$d20260629
|
|
|